Zona sur de la Alameda Central. (Record no. 5765)

MARC details
000 -CABECERA
campo de control de longitud fija 00819nam a2200205 a 4500
001 - NÚMERO DE CONTROL
campo de control BRCA_6078
005 - FECHA Y HORA DE LA ÚLTIMA TRANSACCIÓN
campo de control 20190320205327.0
008 - DATOS DE LONGITUD FIJA--INFORMACIÓN GENERAL
campo de control de longitud fija 170608s2001----mx-a---###---#000-0#spa-#
050 #4 - SIGNATURA TOPOGRÁFICA DE LA BIBLIOTECA DEL CONGRESO
Número de clasificación NA6930
Número de documento/Ítem .T45 2001
100 1# - ENTRADA PRINCIPAL--NOMBRE DE PERSONA
Nombre de persona Tellez Ferreira, Tatiana Haddad
9 (RLIN) 15364
245 10 - MENCIÓN DE TÍTULO
Título Zona sur de la Alameda Central.
260 ## - PUBLICACIÓN, DISTRIBUCIÓN, ETC.
Lugar de publicación, distribución, etc. Ciudad de México
Fecha de publicación, distribución, etc. 2001
300 ## - DESCRIPCIÓN FÍSICA
Extensión 295 p.
Otras características físicas il.
502 ## - NOTA DE TESIS
Nota de tesis Tesis Maestría (Maestra en Arquitectura con especialidad en restauración de monumentos) Escuela Nacional de Conservación, Restauración y Museografía ´Manuel del Castillo Negrete´
610 24 - PUNTO DE ACCESO ADICIONAL DE MATERIA--NOMBRE DE ENTIDAD CORPORATIVA
Nombre de entidad corporativa o nombre de jurisdicción como elemento de entrada Alameda Central
Subdivisión general Historia
Subdivisión cronológica Siglo XVI a XX
Subdivisión geográfica Ciudad de México
9 (RLIN) 15365
700 1# - PUNTO DE ACCESO ADICIONAL--NOMBRE DE PERSONA
Nombre de persona García del Valle y Villagrán, Gabriel
Término indicativo de función/relación asesor
9 (RLIN) 15366
700 1# - PUNTO DE ACCESO ADICIONAL--NOMBRE DE PERSONA
Nombre de persona Salas Espíndola, Raúl
Término indicativo de función/relación asesor
9 (RLIN) 15367
902 ## - CATALOGADOR
Iniciales TES
942 ## - ELEMENTOS DE PUNTO DE ACCESO ADICIONAL (KOHA)
Fuente del sistema de clasificación o colocación Library of Congress Classification
Tipo de ítem Koha Tesis
Holdings
Estado de retiro Estado de pérdida Estado dañado No para préstamo Localización permanente Ubicación/localización actual Fecha de adquisición Total de préstamos Signatura topográfica completa Código de barras Fecha visto por última vez Precio válido a partir de Tipo de ítem Koha
El ejemplar forma parte de la colección y puede ser consultado según las políticas vigentes.       Biblioteca del Museo Franz Mayer (Rogerio Casas-Alatriste) Biblioteca del Museo Franz Mayer (Rogerio Casas-Alatriste) 24/05/2011   NA6930 .T45 2001 TES00044 22/03/2019 22/03/2019 Tesis